The ugly duckling
| Main Author: | |
|---|---|
| Other Authors: | |
| Format: | Book |
| Published: |
USA :
Ladybird Books Ltd ,
19__
|
| Series: | Read it yourself
|
| Subjects: |
MARC
| LEADER | 00000cam a2200000 7i4500 | ||
|---|---|---|---|
| 001 | 0000008192 | ||
| 002 | 000008934 | ||
| 005 | 20000330.0 | ||
| 020 | |a 0721408672 | ||
| 090 | 0 | 0 | |a JF |b AIN |
| 100 | 0 | |a Ainsworth, Alison | |
| 245 | 0 | 4 | |a The ugly duckling |c retold by Alison Ainsworth ; illustrated by Stephen Holmes |
| 260 | |a USA : |b Ladybird Books Ltd , |c 19__ | ||
| 300 | |a 51p. : |b ill. ; |c 17cm. | ||
| 490 | 0 | |a Read it yourself | |
| 650 | 0 | 0 | |a Children's stories |
| 700 | 1 | |a Holmes, Stephen , |e illustrated | |
| 999 | |a 055573 |b BUKU |c PINJAMAN |e PERPUSTAKAAN KOMUNITI CAW KOTA DAMANSARA | ||